Métodos para la animación sociocultural
Αποθηκεύτηκε σε:
| Κύριος συγγραφέας: | |
|---|---|
| Μορφή: | Βιβλίο |
| Γλώσσα: | Ισπανικά |
| Έκδοση: |
Madrid
CCS
1999
|
| Έκδοση: | 2a. ed |
| Σειρά: | Escuela de Animación, 6
|
| Θέματα: | |
| Ετικέτες: |
Προσθήκη ετικέτας
Δεν υπάρχουν, Καταχωρήστε ετικέτα πρώτοι!
|
MARC
| LEADER | 00000nam a2200000 a 4500 | ||
|---|---|---|---|
| 001 | UCL4894 | ||
| 003 | CL-VaPUC | ||
| 008 | 040227e19990000SP |||||||||||||||||spa|d | ||
| 020 | |a 8483160390 | ||
| 082 | 0 | 4 | |a 302.3 |b GUT |2 21 |
| 100 | 0 | |a Gutiérrez Rueda, Laura |e author |9 482604 | |
| 245 | 1 | 0 | |a Métodos para la animación sociocultural |
| 250 | |a 2a. ed | ||
| 300 | |a 287 p | ||
| 942 | |c BK | ||
| 945 | |d 20040227 00:00:00 |a cmena | ||
| 260 | |a Madrid |b CCS |c 1999 | ||
| 650 | 0 | |a Dinámica de grupos |9 259862 | |
| 650 | 0 | |a Animación sociocultural |9 388887 | |
| 650 | 0 | |a Liderazgo |9 271835 | |
| 650 | 0 | |a Participación social |9 256140 | |
| 650 | 0 | |a Medios audiovisuales |9 269063 | |
| 583 | |a last modification |c 20040227 00:00:00 |k Rodrigo Vera | ||
| 490 | 0 | |a Escuela de Animación, 6 | |
| 999 | |c 307649 |d 307647 | ||
| 952 | |0 0 |1 0 |4 0 |6 302_300000000000000_GUT_1999 |7 0 |8 A |9 373695 |a BIBEDU |b BIBEDU |d 2019-11-21 |i 3986845 |o 302.3 GUT 1999 |p 3986845 |r 2019-11-21 |w 2019-11-21 |y BK |k EBA | ||